Cestovní ruch - marketingový nebo sociologický výzkum ?
Sociologický výskum. Marketingový výskum. Spoločné charakteristiky sociologického a marketingového výskumu. Špecifiká marketingového výskumu v oblasti cestovného ruchu. Príklady výsledkov marketingového (sociologického) výskumu v oblasti cestovného ruchu.
Salvato in:
| Autore principale: | |
|---|---|
| Natura: | Capitolo di libro |
| Lingua: | ceco |
| Soggetti: | |
| Tags: |
Nessun Tag, puoi essere il primo ad aggiungerne!!
|
MARC
| LEADER | 00000naa$a2200000$$$4500 | ||
|---|---|---|---|
| 001 | 0027389 | ||
| 005 | 20231114075235.2 | ||
| 041 | 0 | |a cze | |
| 044 | |a CZ | ||
| 245 | 1 | 0 | |a Cestovní ruch - marketingový nebo sociologický výzkum ? |c Jiří Vaníček |
| 520 | |a Sociologický výskum. Marketingový výskum. Spoločné charakteristiky sociologického a marketingového výskumu. Špecifiká marketingového výskumu v oblasti cestovného ruchu. Príklady výsledkov marketingového (sociologického) výskumu v oblasti cestovného ruchu. | ||
| 610 | 2 | 0 | |a výskum sociologický |
| 610 | 2 | 0 | |a marketing |
| 610 | 2 | 0 | |a výskum |
| 610 | 2 | 0 | |a ruch cestovný |
| 100 | 1 | |a Vaníček, Jiří | |